| 000 | 00580nam a22002052 4500 | ||
|---|---|---|---|
| 001 | 0000004289 | ||
| 005 | 20151217155209.0 | ||
| 008 | 070522s xx 000 0 eng d | ||
| 020 |
_a019914561X : _cKES 4,350 |
||
| 040 |
_aKABU _cKABU |
||
| 050 | 0 |
_aQA276 _b.U68 |
|
| 100 | 1 |
_aUpton, Graham. _@0000154774 |
|
| 245 | 1 | 0 |
_aIntroducing statistics / _cGraham Upton, Ian Cook. |
| 260 |
_aOxford : _bOUP, _c1998. |
||
| 300 | _ax, 422 p. | ||
| 650 | 0 |
_aStatistics (Mathematics) _@0000154775 |
|
| 908 | _a070522 | ||
| 950 | _@1 | ||
| 999 |
_c11925 _d11925 |
||